[Event "Sparkassen-Open A"]
[Site "Heusenstamm, Martinsee"]
[Date "2023.11.25"]
[Round "5.18"]
[White "Vihan, Shourya"]
[Black "Ngo, Quang Thai"]
[Result "0-1"]
[WhiteElo "2044"]
[BlackElo "2080"]
[PlyCount "94"]
[EventDate "2023.??.??"]
[WhiteTeam "SV 1920 Hofheim"]
[BlackTeam "Aachener SV 1856 e. V."]

1. d4 Nf6 2. c4 e6 3. Nf3 d5 4. g3 dxc4 5. Bg2 a6 6. O-O Nc6 7. e3 Rb8 8. Nfd2 e5 9. Nxc4 exd4 10. Bxc6+ bxc6 11. Qxd4 Qxd4 12. exd4 Be6 13. b3 c5 14. dxc5 Bxc5 15. Nbd2 Nd5 16. Ne4 Be7 17. Bb2 f6 18. Bd4 Rb5 19. Rfe1 Kf7 20. Nc3 Nxc3 21. Bxc3 Rd8 22. Ne3 Rd3 23. Rac1 Rc5 24. Ba1 Rd2 25. Rxc5 Bxc5 26. Rc1 Bb6 27. Bc3 Rxa2 28. b4 h5 29. Be1 Ke8 30. Nc4 Bd4 31. Na5 Ra1 32. Rxa1 Bxa1 33. Kf1 Kd7 34. Ke2 Bd4 35. Kd3 Bb6 36. Nc4 Ba7 37. Ne3 c5 38. bxc5 Bxc5 39. Ng2 Kc6 40. Nf4 Bf7 41. h4 Kb5 42. f3 Bd6 43. Ng2 a5 44. g4 a4 45. Ne3 Bg6+ 46. Ke2 Be5 47. Nd5 Kc4 0-1

[Event "Sparkassen-Open A"]
[Site "Heusenstamm, Martinsee"]
[Date "2023.11.25"]
[Round "5.19"]
[White "Siegert, Gregor"]
[Black "Swoboda, Philipp"]
[Result "1-0"]
[WhiteElo "2109"]
[BlackElo "2030"]
[PlyCount "59"]
[EventDate "2023.??.??"]
[WhiteTeam "Schachforum Darmstadt 1994"]
[BlackTeam "SV Frankfurt Nord 1926"]

1. e4 e5 2. Nf3 Nc6 3. Bb5 a6 4. Ba4 Nf6 5. O-O Be7 6. Bxc6 dxc6 7. d3 Nd7 8. b3 O-O 9. Bb2 Bd6 10. Nbd2 Qe7 11. Nc4 a5 12. d4 Rd8 13. Qe2 exd4 14. Nxd4 Nf8 15. Qf3 Qh4 16. Nxd6 Rxd6 17. h3 a4 18. Rfd1 Ra5 19. c4 Rg5 20. Nf5 Bxf5 21. exf5 Nd7 22. Rxd6 cxd6 23. Rd1 a3 24. Bxa3 Ne5 25. Qe3 Rxf5 26. Bxd6 f6 27. Rd4 Qh5 28. f4 c5 29. Bxc5 Nf3+ 30. gxf3 1-0

[Event "Sparkassen-Open A"]
[Site "Heusenstamm, Martinsee"]
[Date "2023.11.25"]
[Round "5.21"]
[White "Kalepky, Helmut"]
[Black "Iolis, Oleg"]
[Result "0-1"]
[WhiteElo "1912"]
[BlackElo "2183"]
[PlyCount "36"]
[EventDate "2023.??.??"]
[WhiteTeam "Sfr.Heidesheim"]
[BlackTeam "Wavre"]

1. d4 Nf6 2. c4 g6 3. Nc3 d5 4. Bf4 Bg7 5. e3 O-O 6. Nf3 c5 7. Bxb8 Rxb8 8. Qb3 cxd4 9. Nxd4 e5 10. Nc6 bxc6 11. Qxb8 d4 12. exd4 exd4 13. O-O-O Qe7 14. Ne2 Bh6+ 15. f4 Qe3+ 16. Rd2 Ne4 17. Qb4 d3 18. Ng3 Bxf4 0-1

[Event "Sparkassen-Open A"]
[Site "Heusenstamm, Martinsee"]
[Date "2023.11.25"]
[Round "5.22"]
[White "Papadopoulos, Ioannis"]
[Black "Kutzner, Stephen"]
[Result "1-0"]
[WhiteElo "2142"]
[BlackElo "2039"]
[PlyCount "83"]
[EventDate "2023.??.??"]
[WhiteTeam "SV Oberursel"]
[BlackTeam "Godesberger SK 1929 e. V"]

1. e4 c5 2. Nf3 Nc6 3. d4 cxd4 4. Nxd4 Nf6 5. Nc3 e5 6. Ndb5 d6 7. Bg5 a6 8. Na3 b5 9. Bxf6 gxf6 10. Nd5 Bg7 11. Bd3 Ne7 12. Nxe7 Qxe7 13. O-O O-O 14. c4 f5 15. Qh5 bxc4 16. Nxc4 d5 17. exd5 e4 18. Be2 Rb8 19. Rab1 Qc5 20. Rfd1 f4 21. Qh4 f3 22. gxf3 exf3 23. Bxf3 Bf5 24. Rbc1 Qa7 25. b3 Rfe8 26. Nd6 Re5 27. Re1 Bg6 28. Rxe5 Bxe5 29. Nc4 Bd4 30. Rd1 Bc5 31. d6 Qd7 32. Bg4 f5 33. Bf3 Qg7 34. Kh1 Kh8 35. d7 Be7 36. Qd4 Qxd4 37. Rxd4 Bf6 38. Rd6 Kg7 39. Na5 Bd8 40. Rxa6 Bxa5 41. Rxa5 Rd8 42. Bc6 1-0

[Event "Sparkassen-Open A"]
[Site "Heusenstamm, Martinsee"]
[Date "2023.11.25"]
[Round "5.23"]
[White "Poysti, Nathanael"]
[Black "Wenzel, Calvin"]
[Result "1-0"]
[WhiteElo "2142"]
[BlackElo "1993"]
[PlyCount "45"]
[EventDate "2023.??.??"]
[BlackTeam "SK 1980 Gernsheim"]

1. c4 e5 2. g3 Nf6 3. Bg2 c6 4. Nf3 e4 5. Nd4 Bc5 6. Nb3 Be7 7. Nc3 d5 8. cxd5 cxd5 9. d3 Bf5 10. dxe4 dxe4 11. Qxd8+ Bxd8 12. Nc5 O-O 13. Nxb7 Be7 14. Bf4 Nc6 15. Nd6 Bg6 16. O-O Rab8 17. b3 Nh5 18. Ndxe4 Nxf4 19. gxf4 Rfc8 20. Rad1 Rd8 21. Ng3 Nd4 22. Nd5 Bc5 23. b4 1-0

[Event "Sparkassen-Open A"]
[Site "Heusenstamm, Martinsee"]
[Date "2023.11.25"]
[Round "5.24"]
[White "Burkhardt, Jan"]
[Black "Klaska, Philipp Leon"]
[Result "0-1"]
[WhiteElo "1688"]
[BlackElo "2111"]
[PlyCount "76"]
[EventDate "2023.??.??"]
[WhiteTeam "Sfr.Mainz 1928"]
[BlackTeam "Düsseldorfer SK 14/25 e."]

1. e4 c5 2. Nf3 Nc6 3. d4 cxd4 4. Nxd4 Nf6 5. Nc3 e5 6. Ndb5 d6 7. Bg5 a6 8. Na3 b5 9. Nd5 Be7 10. Bxf6 Bxf6 11. c3 Bg5 12. Nc2 Rb8 13. Nce3 O-O 14. h4 Bxe3 15. Nxe3 Ne7 16. Qd3 Qc7 17. Rd1 Rd8 18. Be2 Be6 19. a3 Bb3 20. Rd2 d5 21. exd5 Nxd5 22. Nxd5 Bxd5 23. Qc2 Bxg2 24. Rg1 Bc6 25. Rxd8+ Rxd8 26. Qf5 Qd7 27. Qg5 f6 28. Qe3 Qf5 29. f3 Rd7 30. Qb6 Bxf3 31. Qb8+ Kf7 32. Qh8 g5 33. Bxf3 Qxf3 34. Qxh7+ Ke6 35. Qg8+ Ke7 36. Qg7+ Kd8 37. Qf8+ Kc7 38. Qc5+ Kb7 0-1

[Event "Sparkassen-Open A"]
[Site "Heusenstamm, Martinsee"]
[Date "2023.11.25"]
[Round "5.25"]
[White "Steadman, Michael V R"]
[Black "Mährlein, Christoph"]
[Result "1-0"]
[WhiteElo "2127"]
[BlackElo "1986"]
[PlyCount "97"]
[EventDate "2023.??.??"]
[WhiteTeam "Auckland Chess Centre"]
[BlackTeam "SC Pforzheim 1906"]

1. e4 d5 2. exd5 Qxd5 3. Nc3 Qd6 4. d4 Nf6 5. Bg5 a6 6. Qd2 Nc6 7. O-O-O Bf5 8. Nf3 e6 9. Nh4 Bg4 10. f3 Bh5 11. g4 Bg6 12. Nxg6 hxg6 13. Ne4 Nxe4 14. fxe4 Be7 15. Bf4 e5 16. dxe5 Qe6 17. Kb1 Rd8 18. Bd3 Nb4 19. b3 Nxd3 20. cxd3 c5 21. h3 b5 22. Qc3 O-O 23. Rh2 Rc8 24. Rhd2 g5 25. Bg3 c4 26. d4 b4 27. Qe3 cxb3 28. Qxb3 Qg6 29. Qe3 Rc3 30. Rd3 Rfc8 31. d5 Bc5 32. Qf3 Qb6 33. d6 Qb5 34. Qf1 Qc4 35. Rxc3 Qxc3 36. Qd3 Bb6 37. d7 Qxd3+ 38. Rxd3 Rd8 39. Rd6 Be3 40. Be1 a5 41. a3 Kf8 42. axb4 Ke7 43. bxa5 Rxd7 44. Rxd7+ Kxd7 45. Kc2 Bd4 46. Bc3 Bc5 47. Kd3 Kc6 48. Kc4 Be7 49. Bd4 1-0

[Event "Sparkassen-Open A"]
[Site "Heusenstamm, Martinsee"]
[Date "2023.11.25"]
[Round "5.26"]
[White "Chassard, Cedric"]
[Black "Lenz, Joshua"]
[Result "1-0"]
[WhiteElo "2297"]
[BlackElo "1806"]
[PlyCount "43"]
[EventDate "2023.??.??"]
[WhiteTeam "SC Caissa Schwarzenbach"]
[BlackTeam "SV Turm Lahnstein"]

1. e4 c5 2. Nf3 a6 3. g3 b5 4. Bg2 Bb7 5. Qe2 Nc6 6. O-O e6 7. a4 b4 8. Rd1 Nd4 9. Nxd4 cxd4 10. c3 dxc3 11. bxc3 Nf6 12. d4 bxc3 13. Nxc3 Bb4 14. Rb1 Bxc3 15. Rxb7 Qc8 16. Rb1 Rb8 17. Ba3 Rxb1 18. Rxb1 Bxd4 19. Qc4 Bxf2+ 20. Kxf2 Ng4+ 21. Kg1 Qa8 22. Qc7 1-0

[Event "Sparkassen-Open A"]
[Site "Heusenstamm, Martinsee"]
[Date "2023.11.25"]
[Round "5.27"]
[White "Neukirchner, Pascal"]
[Black "Buchinger, Alexis"]
[Result "1-0"]
[WhiteElo "2286"]
[BlackElo "1841"]
[PlyCount "71"]
[EventDate "2023.??.??"]
[WhiteTeam "SK Gründau"]
[BlackTeam "SF Neuberg"]

1. d4 d5 2. c4 e6 3. Nf3 Nf6 4. g3 Be7 5. Bg2 O-O 6. O-O dxc4 7. Qc2 a6 8. a4 Bd7 9. Rd1 Bc6 10. Nc3 Nbd7 11. e4 b6 12. d5 Bb7 13. dxe6 fxe6 14. Ng5 Qc8 15. Bh3 h6 16. Bxe6+ Kh8 17. e5 hxg5 18. exf6 Rxf6 19. Bxd7 Qf8 20. Be3 Rh6 21. Bg4 Qf6 22. Ne4 Qg6 23. f3 Re8 24. Qxc4 b5 25. axb5 axb5 26. Qxb5 Bxe4 27. fxe4 Rf8 28. Qd5 Qf6 29. Bd4 Qg6 30. Ra8 Rxa8 31. Qxa8+ Kh7 32. Bf5 Qxf5 33. exf5 Bd6 34. Re1 c5 35. Re8 cxd4 36. Rh8# 1-0

[Event "Sparkassen-Open A"]
[Site "Heusenstamm, Martinsee"]
[Date "2023.11.25"]
[Round "5.28"]
[White "Marcziter, Dmitrii"]
[Black "von Auer, Ulrich"]
[Result "0-1"]
[WhiteElo "2224"]
[BlackElo "1937"]
[PlyCount "124"]
[EventDate "2023.??.??"]
[WhiteTeam "SG Porz e. V."]
[BlackTeam "SV Oberursel"]

1. d4 Nf6 2. c4 g6 3. Nf3 Bg7 4. g3 d5 5. cxd5 Nxd5 6. Bg2 Nb6 7. O-O Nc6 8. e3 O-O 9. Nc3 Re8 10. d5 Na5 11. Nd4 Bd7 12. b3 c6 13. e4 cxd5 14. exd5 e6 15. Be3 exd5 16. Rc1 Nc6 17. Ndb5 Be6 18. Bf4 Be5 19. Qd2 a6 20. Bxe5 Nxe5 21. Nd4 Rc8 22. Rfd1 Qf6 23. h3 Red8 24. Qe3 Rd6 25. a4 Rcd8 26. Rc2 Nc8 27. Rcd2 Nc6 28. Nce2 N8e7 29. g4 Nxd4 30. Nxd4 Nc6 31. f4 Nxd4 32. Rxd4 h5 33. f5 gxf5 34. gxh5 Kh7 35. Kh2 Rg8 36. Bf3 Rc6 37. R1d2 Qg7 38. Rg2 Rc2 39. Rdd2 Rxd2 40. Qxd2 Qe5+ 41. Kg1 Rxg2+ 42. Kxg2 b5 43. a5 d4 44. b4 Bd5 45. Bxd5 Qxd5+ 46. Kf2 d3 47. h6 Qd6 48. Ke3 Qxh6+ 49. Kxd3 Qxh3+ 50. Kd4 Qh6 51. Qe1 Qd6+ 52. Kc3 Qf6+ 53. Kd3 f4 54. Qh1+ Kg7 55. Qf3 Qd6+ 56. Kc3 Qe5+ 57. Kc2 Kf6 58. Qc6+ Qe6 59. Qc3+ Kg6 60. Qf3 f5 61. Qg2+ Kf6 62. Qh2 Qa2+ 0-1

[Event "Sparkassen-Open A"]
[Site "Heusenstamm, Martinsee"]
[Date "2023.11.25"]
[Round "5.29"]
[White "Meuer, David"]
[Black "Prill, Daniel"]
[Result "1/2-1/2"]
[WhiteElo "1988"]
[BlackElo "2182"]
[PlyCount "60"]
[EventDate "2023.??.??"]
[WhiteTeam "SV Turm Lahnstein"]
[BlackTeam "SC Heitersheim"]

1. e4 c6 2. d4 d5 3. Nc3 dxe4 4. Nxe4 Nd7 5. Nf3 Ngf6 6. Nxf6+ Nxf6 7. c3 Bg4 8. h3 Bh5 9. g4 Bg6 10. Ne5 Be4 11. f3 Bd5 12. Bd3 Nd7 13. Bf4 Nxe5 14. Bxe5 f6 15. Bg3 Bf7 16. Qe2 e6 17. Bc4 Bd6 18. Kf2 Bxg3+ 19. Kxg3 Qd6+ 20. Kg2 O-O-O 21. b4 h5 22. a4 Kb8 23. Qf2 hxg4 24. hxg4 Bg6 25. Rxh8 Rxh8 26. Qg3 e5 27. Re1 Re8 28. Re2 Kc7 29. dxe5 Rxe5 30. Qf2 Rxe2 1/2-1/2

[Event "Sparkassen-Open A"]
[Site "Heusenstamm, Martinsee"]
[Date "2023.11.25"]
[Round "5.30"]
[White "Gold, Jan Christian"]
[Black "Heimrath, Reiner"]
[Result "1-0"]
[WhiteElo "1934"]
[BlackElo "2155"]
[PlyCount "97"]
[EventDate "2023.??.??"]
[WhiteTeam "SK Bad Homburg 1927"]
[BlackTeam "SC Noris-Tarrasch Nürnberg 1873"]

1. d4 Nf6 2. Nf3 g6 3. g3 Bg7 4. Bg2 d6 5. O-O Nbd7 6. b3 c5 7. e3 Rb8 8. Bb2 b5 9. dxc5 Nxc5 10. Nd4 Qc7 11. Nc3 a6 12. Nc6 Bg4 13. Qd2 Nfe4 14. Nxe4 Nxe4 15. Bxe4 Bxb2 16. Rab1 Bf6 17. Nxb8 Qxb8 18. Bc6+ Kf8 19. a4 b4 20. Qd3 Qb6 21. Qc4 h5 22. Bg2 Kg7 23. Qc6 Qa5 24. Qd5 Qc7 25. Qb7 Qa5 26. h3 Be6 27. Rfd1 Rc8 28. Rd5 Bxd5 29. Qxc8 Bxg2 30. Kxg2 Qd5+ 31. Kg1 h4 32. g4 Qf3 33. Qxa6 Qxh3 34. Qe2 d5 35. Rd1 d4 36. Rd3 Be5 37. f4 Qg3+ 38. Kf1 Bd6 39. Qg2 dxe3 40. Qxg3 hxg3 41. Rxd6 exd6 42. a5 g5 43. fxg5 Kg6 44. a6 Kxg5 45. a7 Kxg4 46. a8=Q f5 47. Qg8+ Kf4 48. Ke2 d5 49. Qxd5 1-0

[Event "Sparkassen-Open A"]
[Site "Heusenstamm, Martinsee"]
[Date "2023.11.25"]
[Round "5.31"]
[White "Weiss, Matthias"]
[Black "Seidel, Andre"]
[Result "1/2-1/2"]
[WhiteElo "1983"]
[BlackElo "2181"]
[PlyCount "29"]
[EventDate "2023.??.??"]
[WhiteTeam "SF Schöneck"]
[BlackTeam "SV Oberursel"]

1. e4 e6 2. d4 d5 3. Nd2 Nf6 4. e5 Nfd7 5. Bd3 c5 6. c3 Nc6 7. Ngf3 cxd4 8. cxd4 Qb6 9. O-O Nxd4 10. Nxd4 Qxd4 11. Nf3 Qb6 12. Qa4 Qb4 13. Qc2 Qc5 14. Qa4 Qb4 15. Qc2 1/2-1/2

[Event "Sparkassen-Open A"]
[Site "Heusenstamm, Martinsee"]
[Date "2023.11.25"]
[Round "5.32"]
[White "Wortmann, Klaus-Peter"]
[Black "Henrich, Thomas"]
[Result "1-0"]
[WhiteElo "1969"]
[BlackElo "2132"]
[PlyCount "109"]
[EventDate "2023.??.??"]
[WhiteTeam "Märkischer Springer Halver-Schal"]
[BlackTeam "SK Marburg 1931/72"]

1. Nf3 d5 2. e3 Bf5 3. b3 Nf6 4. Bb2 e6 5. d4 Nbd7 6. Nbd2 h6 7. Be2 Bd6 8. O-O Qe7 9. c4 c6 10. Ne5 O-O 11. f4 Ne4 12. Nxe4 Bxe4 13. Nxd7 Qxd7 14. c5 Bc7 15. Bc3 Kh7 16. Be1 Rg8 17. Bd3 f5 18. Bxe4 dxe4 19. Qc2 g5 20. Bg3 Rg6 21. Rad1 Rag8 22. Rd2 Qe7 23. Qd1 Qg7 24. Qe2 Qe7 25. Kh1 Kg7 26. Qf2 Kh7 27. Rc2 Qg7 28. Rg1 gxf4 29. Bxf4 Rg4 30. Bxc7 Qxc7 31. Qe1 R8g5 32. g3 h5 33. Rcg2 Rg6 34. Qe2 e5 35. Rf1 Qd7 36. dxe5 h4 37. Rfg1 hxg3 38. Rxg3 Qe6 39. Rxg4 fxg4 40. Qd1 Kh6 41. Qe2 Qf5 42. Rf1 Qxe5 43. Qf2 Qxc5 44. Qf4+ Kh7 45. Qxe4 Qd5 46. Qxd5 cxd5 47. Rd1 Ra6 48. Rd2 Kg6 49. Kg2 Kf5 50. Rxd5+ Ke4 51. Rd2 Kxe3 52. Rf2 Rb6 53. Kg3 Rb4 54. Rf7 Rd4 55. Rxb7 1-0

[Event "Sparkassen-Open A"]
[Site "Heusenstamm, Martinsee"]
[Date "2023.11.25"]
[Round "5.33"]
[White "Wiley, Tom E"]
[Black "Buchholz, Maja Patricia"]
[Result "0-1"]
[WhiteElo "2152"]
[BlackElo "1923"]
[PlyCount "56"]
[EventDate "2023.??.??"]
[WhiteTeam "Kraainem Belgium"]
[BlackTeam "Wiesbadener SV 1885"]

1. d4 d5 2. Bf4 Nf6 3. e3 e6 4. Nf3 c5 5. c3 Nc6 6. Nbd2 Be7 7. Ne5 a6 8. Bd3 Nxe5 9. dxe5 Nd7 10. Qg4 g5 11. Nf3 h5 12. Qg3 h4 13. Qg4 gxf4 14. Qg7 Rf8 15. exf4 c4 16. Bc2 Nb6 17. g4 hxg3 18. fxg3 Bd7 19. h4 Qc7 20. h5 O-O-O 21. h6 Ba4 22. O-O-O Bxc2 23. Kxc2 Na4 24. h7 Rh8 25. Qxf7 Nc5 26. Nd4 Bf8 27. Qxc7+ Kxc7 28. g4 Rd7 0-1

[Event "Sparkassen-Open A"]
[Site "Heusenstamm, Martinsee"]
[Date "2023.11.25"]
[Round "5.34"]
[White "Calvi, Stefan"]
[Black "Hilzinger, Markus"]
[Result "0-1"]
[WhiteElo "1925"]
[BlackElo "2132"]
[PlyCount "104"]
[EventDate "2023.??.??"]
[WhiteTeam "SV Oberursel"]
[BlackTeam "SC Pforzheim 1906"]

1. e4 c5 2. c3 Nf6 3. e5 Nd5 4. d4 cxd4 5. Nf3 Nc6 6. Bc4 e6 7. cxd4 d6 8. O-O Be7 9. Qe2 O-O 10. Nc3 Nxc3 11. bxc3 Qc7 12. Bd3 dxe5 13. dxe5 Rd8 14. Qe4 g6 15. Bf4 b6 16. Rfd1 Bb7 17. Qe2 Na5 18. Ng5 Qxc3 19. Rac1 Qb4 20. Be3 Rac8 21. Rxc8 Bxc8 22. Qf3 Bxg5 23. Bxg5 Bb7 24. Qe2 Rd5 25. Bf6 Nc6 26. h3 Qc5 27. Be4 Rd4 28. Rxd4 Nxd4 29. Qe3 Bd5 30. Bxd5 exd5 31. Kh2 Ne6 32. Qb3 b5 33. Qf3 a5 34. h4 Qd4 35. Qa3 Qb4 36. Qxb4 axb4 37. Be7 Nf4 38. Bxb4 Nd3 39. Bd6 Nxf2 40. Kg3 Ne4+ 41. Kf4 f5 42. Bb4 Kf7 43. Ke3 Ke6 44. Kd4 h6 45. Be1 g5 46. hxg5 hxg5 47. Ba5 f4 48. Bc7 g4 49. Bb8 f3 50. gxf3 gxf3 51. Ke3 f2 52. Ke2 d4 0-1

[Event "Sparkassen-Open A"]
[Site "Heusenstamm, Martinsee"]
[Date "2023.11.25"]
[Round "5.35"]
[White "Blaschke, Henri Johannes"]
[Black "Villwock, Martin"]
[Result "0-1"]
[WhiteElo "1866"]
[BlackElo "2073"]
[PlyCount "132"]
[EventDate "2023.??.??"]
[WhiteTeam "SK Vellmar 1950"]
[BlackTeam "SF Essen-Katernberg 0"]

1. d4 d5 2. c4 c6 3. Nf3 Nf6 4. Qc2 e6 5. g3 dxc4 6. Bg2 b5 7. O-O Bb7 8. Rd1 Qb6 9. b3 cxb3 10. axb3 Nbd7 11. Ne5 Nxe5 12. dxe5 Ng4 13. e3 c5 14. Bxb7 Qxb7 15. Bb2 h5 16. Qe2 g6 17. Na3 Rb8 18. Nc2 Be7 19. Bc3 b4 20. Bb2 c4 21. Qxc4 Rc8 22. Rxa7 Rxc4 23. Rxb7 Rc8 24. Rdd7 Bg5 25. f4 Rxc2 26. fxg5 O-O 27. Bd4 Nxh2 28. Rdc7 Nf3+ 29. Kf1 Rxc7 30. Rxc7 Rb8 31. Ke2 Nxg5 32. Ba7 Rb5 33. Rc4 Ra5 34. Bd4 Ne4 35. Rxb4 Nxg3+ 36. Kf3 Nf5 37. Bc3 Ra2 38. Ra4 Rc2 39. Be1 g5 40. e4 Ne7 41. b4 Nc6 42. b5 Nxe5+ 43. Ke3 Rb2 44. Rb4 Rxb4 45. Bxb4 Kh7 46. Bc3 Nd7 47. Bd4 e5 48. Ba7 f6 49. b6 Nc5 50. Bb8 h4 51. Bd6 Nb7 52. Bb4 Kg6 53. Kf3 f5 54. exf5+ Kxf5 55. Be7 e4+ 56. Ke3 h3 57. Kf2 Kf4 58. Bb4 e3+ 59. Kg1 Kf3 60. Kh2 g4 61. Bc3 g3+ 62. Kg1 h2+ 63. Kh1 Kf2 64. Bd2 g2+ 65. Kxh2 g1=Q+ 66. Kh3 Qg3# 0-1

[Event "Sparkassen-Open A"]
[Site "Heusenstamm, Martinsee"]
[Date "2023.11.25"]
[Round "5.36"]
[White "Marcziter, Alex"]
[Black "Herrmann, Jakob"]
[Result "1/2-1/2"]
[WhiteElo "1791"]
[BlackElo "2037"]
[PlyCount "113"]
[EventDate "2023.??.??"]
[WhiteTeam "SG Porz e. V."]
[BlackTeam "SAV Torgelow-Drögeheide 90"]

1. e4 c6 2. d4 d5 3. Nd2 dxe4 4. Nxe4 Bf5 5. Ng3 Bg6 6. h4 h6 7. Nf3 Nd7 8. h5 Bh7 9. Bd3 Bxd3 10. Qxd3 e6 11. Bd2 Ngf6 12. O-O-O Be7 13. Ne4 Nxe4 14. Qxe4 Nf6 15. Qe2 Qd5 16. Kb1 Nxh5 17. g4 Nf6 18. g5 Ne4 19. gxh6 Nxd2+ 20. Rxd2 gxh6 21. Rdd1 Qf5 22. Ne5 h5 23. Rd3 h4 24. Rf3 Qh5 25. Nxf7 Rf8 26. Nd6+ Kd7 27. Nc4 Rxf3 28. Qxf3 Qxf3 29. Ne5+ Kd6 30. Nxf3 Kd5 31. c3 c5 32. dxc5 e5 33. Nxh4 Bxh4 34. Rxh4 Kxc5 35. Rh7 Kc6 36. Rf7 Rd8 37. Kc2 a5 38. Re7 Rf8 39. Rxe5 Rxf2+ 40. Kb3 a4+ 41. Ka3 Rf4 42. b3 axb3 43. axb3 b5 44. Re8 Kc7 45. Re6 Rh4 46. Re3 Kc6 47. Rd3 Kc5 48. Rd8 Rg4 49. Rc8+ Kb6 50. c4 bxc4 51. bxc4 Rg5 52. Kb4 Rg4 53. Rh8 Rg5 54. Rh6+ Kc7 55. c5 Rg1 56. Rh7+ Kc6 57. Rh6+ 1/2-1/2

[Event "Sparkassen-Open A"]
[Site "Heusenstamm, Martinsee"]
[Date "2023.11.25"]
[Round "5.37"]
[White "Barsov, Vladislav"]
[Black "Özdemir, Ali Özden"]
[Result "1-0"]
[WhiteElo "1680"]
[BlackElo "2045"]
[PlyCount "101"]
[EventDate "2023.??.??"]
[WhiteTeam "SK Gräfelfing"]
[BlackTeam "SK Langen"]

1. e4 c5 2. Nf3 d6 3. d4 Nf6 4. Nc3 cxd4 5. Nxd4 g6 6. Be3 Bg7 7. Be2 O-O 8. O-O Nc6 9. Kh1 a6 10. f4 Qc7 11. f5 b5 12. Nxc6 Qxc6 13. Bf3 d5 14. e5 Bxf5 15. exf6 exf6 16. Bxd5 Qc8 17. Bxa8 Qxa8 18. Qf3 Qb8 19. Nd5 Re8 20. Bc5 Qe5 21. Ne7+ Rxe7 22. Bxe7 Qxe7 23. Rae1 Be6 24. Qa8+ Bf8 25. Qxa6 b4 26. Qb6 h5 27. Qd4 f5 28. Rd1 Kh7 29. b3 Bg7 30. Qd6 Qb7 31. a3 bxa3 32. Qxa3 h4 33. Qa4 g5 34. h3 g4 35. hxg4 h3 36. Rf2 fxg4 37. Qf4 Qb5 38. Qe4+ Kh6 39. Qe3+ Kh5 40. c4 Qc6 41. Qd3 Kh4 42. Kg1 Be5 43. g3+ Bxg3 44. Qh7+ Kg5 45. Rd5+ Qxd5 46. cxd5 Bxf2+ 47. Kxf2 Bxd5 48. Qg7+ Kf5 49. Kg3 Bxb3 50. Qxg4+ Kf6 51. Qf3+ 1-0

[Event "Sparkassen-Open A"]
[Site "Heusenstamm, Martinsee"]
[Date "2023.11.25"]
[Round "5.38"]
[White "Leibbrand, Udo"]
[Black "Winter, Lars"]
[Result "0-1"]
[WhiteElo "2053"]
[BlackElo "1896"]
[PlyCount "170"]
[EventDate "2023.??.??"]
[WhiteTeam "SC Pforzheim 1906"]
[BlackTeam "SV 1926 Fechenheim"]

1. c4 Nf6 2. Nf3 g6 3. g3 Bg7 4. Bg2 O-O 5. d4 d6 6. Nc3 Nc6 7. O-O Bf5 8. d5 Na5 9. Nd4 Bd7 10. Qd3 c5 11. dxc6 Nxc6 12. Nxc6 bxc6 13. h3 Rb8 14. Rb1 Qc8 15. Kh2 Rd8 16. g4 Be6 17. b3 h5 18. gxh5 Nxh5 19. Bg5 Bf6 20. Bxf6 Nxf6 21. Rbd1 Kg7 22. Ne4 Nxe4 23. Qxe4 c5 24. Qf4 Rh8 25. Rd3 Rh5 26. Rg1 Qh8 27. Bf1 Qh6 28. Qxh6+ Rxh6 29. Rgg3 Rh4 30. Bg2 a5 31. e4 Rf4 32. Kg1 f6 33. Kf1 a4 34. Ke2 g5 35. Ke3 axb3 36. axb3 Kf7 37. Bf3 Rh4 38. Bg4 Bxg4 39. hxg4 Rh1 40. f4 Re1+ 41. Kf2 Rxe4 42. fxg5 fxg5 43. Rgf3+ Kg6 44. Rde3 Rxe3 45. Rxe3 Rf8+ 46. Kg3 e5 47. Rd3 Rf6 48. b4 cxb4 49. Rb3 Rf4 50. Rxb4 Kf6 51. Rb6 Ke7 52. c5 dxc5 53. Rg6 c4 54. Rxg5 Kd6 55. Rg8 Rf7 56. g5 c3 57. Ra8 Kd5 58. Kg4 Rf1 59. Rc8 Kd4 60. g6 e4 61. Kg5 e3 62. g7 e2 63. Rc4+ Kd3 64. g8=Q Rg1+ 65. Rg4 Rxg4+ 66. Kxg4 e1=Q 67. Qd5+ Ke2 68. Qc4+ Kd2 69. Qa2+ c2 70. Qa5+ Kd1 71. Qd5+ Kc1 72. Qa8 Qe2+ 73. Kf5 Kd2 74. Qa5+ Ke3 75. Qe5+ Kf2 76. Qh2+ Ke1 77. Qc7 Qh5+ 78. Ke4 Qe2+ 79. Kf5 Qf3+ 80. Kg6 Qg4+ 81. Kf6 Qh4+ 82. Kg6 Qe4+ 83. Kf6 Kd2 84. Qd6+ Kc3 85. Qc7+ Kb2 0-1

[Event "Sparkassen-Open A"]
[Site "Heusenstamm, Martinsee"]
[Date "2023.11.25"]
[Round "5.39"]
[White "Berkes, Alexander"]
[Black "Zimmer, Gerald"]
[Result "1/2-1/2"]
[WhiteElo "1974"]
[BlackElo "1897"]
[PlyCount "30"]
[EventDate "2023.??.??"]
[WhiteTeam "SK Langen"]
[BlackTeam "SC Bergen-Enkheim 1922"]

1. e4 e6 2. d4 d5 3. exd5 exd5 4. Bd3 Nc6 5. Nf3 Bg4 6. c3 Bd6 7. O-O Nge7 8. Re1 Qd7 9. b4 O-O 10. Nbd2 Rfe8 11. Qc2 Bf5 12. b5 Bxd3 13. Qxd3 Na5 14. a4 Qf5 15. Qxf5 Nxf5 1/2-1/2

[Event "Sparkassen-Open A"]
[Site "Heusenstamm, Martinsee"]
[Date "2023.11.25"]
[Round "5.40"]
[White "Pfarr, Michael"]
[Black "Stephanblome, Felix"]
[Result "0-1"]
[WhiteElo "2039"]
[BlackElo "1683"]
[PlyCount "60"]
[EventDate "2023.??.??"]
[WhiteTeam "SK 1928 Mömbris"]
[BlackTeam "SV 1934 Ffm-Griesheim"]

1. e4 e5 2. Nf3 Nc6 3. Bc4 Bc5 4. c3 Nf6 5. d3 d6 6. a4 a5 7. Bg5 Be6 8. Nbd2 Bb6 9. Qe2 h6 10. Bh4 g5 11. Bg3 Nh5 12. Bxe6 fxe6 13. Nc4 Nxg3 14. hxg3 Ba7 15. O-O-O Qf6 16. Ne3 h5 17. Nd2 O-O-O 18. f3 d5 19. Kc2 Qe7 20. Rb1 Qc5 21. Nec4 dxc4 22. Nxc4 Qf2 23. Rbe1 Qxg3 24. Rh3 Qf2 25. Qxf2 Bxf2 26. Rf1 Bc5 27. Rfh1 h4 28. Kd2 Bf2 29. Ke2 Bg3 30. Ne3 Ne7 0-1

[Event "Sparkassen-Open A"]
[Site "Heusenstamm, Martinsee"]
[Date "2023.11.25"]
[Round "5.41"]
[White "Junker, Christian"]
[Black "Sheng, Ming"]
[Result "0-1"]
[WhiteElo "2023"]
[BlackElo "1769"]
[PlyCount "118"]
[EventDate "2023.??.??"]
[WhiteTeam "SV 1926 Neu-Isenburg"]
[BlackTeam "SC Rochade Saarlouis 1993 e.V."]

1. Nf3 d5 2. g3 Nf6 3. d3 e6 4. Bg2 Be7 5. Nbd2 O-O 6. O-O c5 7. e4 Nc6 8. Re1 Qc7 9. Qe2 b6 10. e5 Nd7 11. Nf1 b5 12. h4 a5 13. Bf4 a4 14. a3 Re8 15. h5 h6 16. N1h2 Nf8 17. Qd2 Qd8 18. g4 Nh7 19. Bh3 Bb7 20. c3 d4 21. c4 Na5 22. Qc2 bxc4 23. dxc4 Nb3 24. Rad1 Qc7 25. Bf1 Qd8 26. Bg2 Qc7 27. Rd3 Rad8 28. Nd2 Bxg2 29. Kxg2 Nxd2 30. Qxd2 Qb7+ 31. Kg1 Rb8 32. Re2 Ng5 33. Bxg5 Bxg5 34. f4 Be7 35. g5 hxg5 36. fxg5 Qa6 37. Qc1 Rb6 38. Rg2 Reb8 39. Ng4 Qb7 40. Qf4 Rxb2 41. Nf2 Rb3 42. g6 f5 43. exf6 Bxf6 44. Kh2 Rf8 45. h6 gxh6 46. g7 Bxg7 47. Qd2 Rb2 48. Qe1 Kh8 49. Rdg3 Qc7 50. Ng4 Rb3 51. Qxe6 h5 52. Nh6 h4 53. Nf5 Rxg3 54. Nxg3 hxg3+ 55. Kg1 Qf4 56. Qh3+ Kg8 57. Qe6+ Qf7 58. Qe2 d3 59. Qxd3 Bd4+ 0-1

[Event "Sparkassen-Open A"]
[Site "Heusenstamm, Martinsee"]
[Date "2023.11.25"]
[Round "5.42"]
[White "Bender, Tim"]
[Black "Waffenschmidt, Joachim"]
[Result "1/2-1/2"]
[WhiteElo "1669"]
[BlackElo "2001"]
[PlyCount "103"]
[EventDate "2023.??.??"]
[WhiteTeam "SC Hennweiler"]
[BlackTeam "SV 1920 Hofheim"]

1. d4 d5 2. c4 c6 3. Nc3 Nf6 4. Nf3 e6 5. Bg5 Nbd7 6. e3 Qa5 7. Nd2 Bb4 8. Qc2 O-O 9. a3 Be7 10. Bh4 Re8 11. Bg3 Bf8 12. cxd5 exd5 13. Bd3 g6 14. h3 Bg7 15. O-O Qd8 16. b4 a6 17. a4 Nh5 18. Bh2 Nf8 19. Nf3 Ne6 20. Qb3 Ng5 21. Nxg5 Qxg5 22. Kh1 f5 23. Be2 Rf8 24. b5 axb5 25. axb5 Rxa1 26. Rxa1 f4 27. Bxh5 fxe3 28. Be2 Rxf2 29. Bf1 Bxd4 30. Bg1 Bxh3 31. Bxf2 exf2 32. Ne4 Bxg2+ 33. Bxg2 Qh4+ 34. Qh3 Qxh3+ 35. Bxh3 Bxa1 36. Nxf2 cxb5 37. Be6+ Kg7 38. Bxd5 b6 39. Ne4 Bf6 40. Nd6 Be7 41. Nxb5 Kf6 42. Kg2 Ke5 43. Bg8 h6 44. Kf3 h5 45. Bf7 Kf6 46. Be8 Bc5 47. Nc3 Kf5 48. Ne4 h4 49. Bd7+ Ke5 50. Be8 Kf5 51. Bd7+ Ke5 52. Be8 1/2-1/2